[Event "2022 Harris Edwardes Interclub Competition (Division A)"]
[Site "Leeming, Perth WA AUS"]
[Date "2022.08.21"]
[Round "2"]
[White "Boyd, Tristan"]
[Black "Rodriguez, Juan Talavera"]
[Result "1/2-1/2"]
[EventDate "2022.08.21"]
[EventRounds "4"]
[EventType "team"]
[Section "Division A (Premier)"]
[Stage "Preliminary Rounds"]
[Board "1"]
[TimeControl "3600+10"]
[WhiteElo "2390"]
[WhiteTitle "FM"]
[BlackElo "2167"]
[WhiteTeam "Southern Suburbs Chess Club A"]
[BlackTeam "Perth Chess Club A"]
[PlyCount "26"]

1. e4 e5 2. Nf3 Nc6 3. Bb5 a6 4. Ba4 Nf6 5. O-O Be7 6. Re1 b5 7. Bb3 d6 8. c3
O-O 9. h3 Bb7 10. d4 Re8 11. Ng5 Rf8 12. Nf3 Re8 13. Ng5 Rf8 1/2-1/2

[Event "2022 Harris Edwardes Interclub Competition (Division A)"]
[Site "Leeming, Perth WA AUS"]
[Date "2022.08.21"]
[Round "2"]
[White "Wilkins, Michael"]
[Black "Fu, Yihe (Rebo)"]
[Result "1/2-1/2"]
[EventDate "2022.08.21"]
[EventRounds "4"]
[EventType "team"]
[Section "Division A (Premier)"]
[Stage "Preliminary Rounds"]
[Board "2"]
[TimeControl "3600+10"]
[WhiteElo "2111"]
[BlackElo "2287"]
[WhiteTeam "Perth Chess Club A"]
[BlackTeam "Southern Suburbs Chess Club A"]
[PlyCount "59"]

1. e4 c5 2. Nf3 Nc6 3. Bb5 Nf6 4. Qe2 Qc7 5. O-O g6 6. c3 a6 7. Ba4 b5 8. Bc2
Bg7 9. h3 Bb7 10. a4 b4 11. d4 bxc3 12. bxc3 cxd4 13. e5 Nd5 14. cxd4 O-O 15.
Be4 Ndb4 16. Ba3 a5 17. Rc1 Ba6 18. Qd2 Qb6 19. Nc3 Rab8 20. Rab1 Qc7 21. Nb5
Bxb5 22. axb5 Rxb5 23. Bxc6 dxc6 24. Bxb4 axb4 25. Rxb4 Qa5 26. Rbc4 Qxd2 27.
Nxd2 Bh6 28. R1c2 Bxd2 29. Rxd2 Rd8 30. Re2 1/2-1/2

[Event "2022 Harris Edwardes Interclub Competition (Division A)"]
[Site "Leeming, Perth WA AUS"]
[Date "2022.08.21"]
[Round "2"]
[White "Hare, Tim"]
[Black "De Vas, Saminda"]
[Result "1-0"]
[EventDate "2022.08.21"]
[EventRounds "4"]
[EventType "team"]
[Section "Division A (Premier)"]
[Stage "Preliminary Rounds"]
[Board "3"]
[TimeControl "3600+10"]
[WhiteElo "2227"]
[BlackElo "2031"]
[WhiteTeam "Southern Suburbs Chess Club A"]
[BlackTeam "Perth Chess Club A"]
[PlyCount "81"]

1. Nf3 d5 2. g3 Nf6 3. Bg2 c6 4. d3 Bf5 5. Nbd2 Nbd7 6. b3 e5 7. Bb2 Bd6 8. e4
Bg6 9. Qe2 O-O 10. O-O Re8 11. Nh4 Qb6 12. Nxg6 hxg6 13. Nf3 a5 14. a4 Qc7 15.
Ng5 dxe4 16. dxe4 b5 17. Rfd1 bxa4 18. Rxa4 Nb6 19. Ra2 a4 20. Rda1 axb3 21.
cxb3 Rxa2 22. Rxa2 Ra8 23. Rxa8+ Nxa8 24. Qc2 Nb6 25. Bf1 Nh7 26. Nf3 Nf6 27.
Kg2 Nbd7 28. Nd2 Nb6 29. Be2 Nfd7 30. Bc3 c5 31. Ba5 Qc6 32. b4 Qa8 33. Qd3 Bf8
34. Qb5 Qa7 35. Bxb6 Nxb6 36. bxc5 Na4 37. c6 Nc3 38. Qc4 Nxe2 39. c7 Qa1 40.
Qxe2 Qc3 41. Nc4 1-0

[Event "2022 Harris Edwardes Interclub Competition (Division A)"]
[Site "Leeming, Perth WA AUS"]
[Date "2022.08.21"]
[Round "2"]
[White "Saxon, Marc"]
[Black "Hardegen, Andrew"]
[Result "0-1"]
[EventDate "2022.08.21"]
[EventRounds "4"]
[EventType "team"]
[Section "Division A (Premier)"]
[Stage "Preliminary Rounds"]
[Board "4"]
[TimeControl "3600+10"]
[WhiteElo "2015"]
[BlackElo "2214"]
[WhiteTeam "Perth Chess Club A"]
[BlackTeam "Southern Suburbs Chess Club A"]
[PlyCount "80"]

1. e4 e6 2. d3 d5 3. Nd2 Nf6 4. g3 c5 5. Bg2 Nc6 6. Ngf3 Be7 7. O-O O-O 8. Qe2
b5 9. c3 a5 10. e5 Ne8 11. d4 cxd4 12. cxd4 b4 13. Rd1 Ba6 14. Qe3 a4 15. Ne1
Qb6 16. Nc2 Rc8 17. Kh1 Nc7 18. f4 f5 19. Nf3 b3 20. axb3 Qxb3 21. Qxb3 axb3
22. Nce1 Be2 23. Rd2 Bxf3 24. Nxf3 Ra8 25. Rxa8 Rxa8 26. Rd1 Ra1 27. Bf1 Bb4
28. Be2 Ra2 29. Kg2 Na5 30. Nd2 Bxd2 31. Bxd2 Nc4 32. Bxc4 dxc4 33. Kf3 Rxb2
34. Ba5 Nd5 35. Rc1 Rc2 36. Rxc2 bxc2 37. Bd2 Nb4 38. g4 g6 39. gxf5 gxf5 40.
Ke2 Nd3 0-1

[Event "2022 Harris Edwardes Interclub Competition (Division A)"]
[Site "Leeming, Perth WA AUS"]
[Date "2022.08.21"]
[Round "2"]
[White "Lakner, Jay"]
[Black "Gong, Patrick"]
[Result "0-1"]
[EventDate "2022.08.21"]
[EventRounds "4"]
[EventType "team"]
[Section "Division A (Premier)"]
[Stage "Preliminary Rounds"]
[Board "1"]
[TimeControl "3600+10"]
[WhiteElo "2107"]
[BlackElo "2508"]
[BlackTitle "FM"]
[WhiteTeam "Perth Chess Academy A"]
[BlackTeam "UWA Chess Club A"]
[PlyCount "94"]

1. f4 d5 2. Nf3 g6 3. g3 Bg7 4. Bg2 c5 5. O-O Nc6 6. d3 e6 7. Nc3 Nge7 8. a3
O-O 9. Qe1 Nd4 10. Nxd4 cxd4 11. Nd1 Bd7 12. Bd2 Rc8 13. Rc1 f6 14. g4 e5 15.
Qg3 Be6 16. Bb4 a5 17. Bxe7 Qxe7 18. f5 Bh6 19. Ra1 Bf7 20. c3 Bf4 21. Qe1 gxf5
22. gxf5 dxc3 23. bxc3 Kh8 24. e3 Bg5 25. e4 Qc5+ 26. Kh1 d4 27. c4 b5 28. cxb5
Qxb5 29. Qe2 Qb3 30. Nf2 Rc2 31. Qf3 Rg8 32. Rab1 Rb2 33. Rxb2 Qxb2 34. Rg1
Qxa3 35. Qh3 Qb2 36. Ng4 Qd2 37. Bf1 a4 38. Rg2 Qc1 39. Rg1 a3 40. Be2 Qd2 41.
Qf1 a2 42. Nxe5 fxe5 43. f6 Qf4 44. Qa1 Qxf6 45. Rf1 Bf4 46. Rf2 Qh4 47. Rxf4
Qxf4 0-1

[Event "2022 Harris Edwardes Interclub Competition (Division A)"]
[Site "Leeming, Perth WA AUS"]
[Date "2022.08.21"]
[Round "2"]
[White "Ng, Jen Sheng"]
[Black "Rafiei Darani, Daryoush"]
[Result "1-0"]
[EventDate "2022.08.21"]
[EventRounds "4"]
[EventType "team"]
[Section "Division A (Premier)"]
[Stage "Preliminary Rounds"]
[Board "2"]
[TimeControl "3600+10"]
[WhiteElo "2145"]
[WhiteTitle "CM"]
[BlackElo "1771"]
[WhiteTeam "UWA Chess Club A"]
[BlackTeam "Perth Chess Academy A"]
[PlyCount "55"]

1. e4 c6 2. d4 d5 3. exd5 cxd5 4. Bd3 Nc6 5. c3 Nf6 6. Bf4 Bg4 7. Qb3 Qd7 8.
Nd2 e6 9. Ngf3 a6 10. a4 Be7 11. O-O O-O 12. Rfe1 Na5 13. Qc2 Bh5 14. Ne5 Qd8
15. Ndf3 Bg6 16. Nxg6 hxg6 17. Ne5 Nc6 18. Qe2 Nxe5 19. dxe5 Nd7 20. Bc2 Bg5
21. Qg4 Bxf4 22. Qxf4 g5 23. Qe3 g6 24. Rad1 Rc8 25. Rd4 Kg7 26. Rg4 Qb6 27.
Qxg5 Rc4 28. Rg3 1-0

[Event "2022 Harris Edwardes Interclub Competition (Division A)"]
[Site "Leeming, Perth WA AUS"]
[Date "2022.08.21"]
[Round "2"]
[White "Hu, Tommy"]
[Black "Xiao Zhou, Ning"]
[Result "1-0"]
[EventDate "2022.08.21"]
[EventRounds "4"]
[EventType "team"]
[Section "Division A (Premier)"]
[Stage "Preliminary Rounds"]
[Board "4"]
[TimeControl "3600+10"]
[WhiteElo "1593"]
[BlackElo "1583"]
[WhiteTeam "UWA Chess Club A"]
[BlackTeam "Perth Chess Academy A"]
[PlyCount "83"]

1. e4 c6 2. d4 d5 3. Nc3 dxe4 4. Nxe4 Nf6 5. Bd3 Nbd7 6. Nf3 Nxe4 7. Bxe4 Nf6
8. Bd3 e6 9. O-O Be7 10. Re1 O-O 11. c3 Qc7 12. Qc2 h6 13. Bd2 b6 14. Rad1 Bb7
15. Ne5 c5 16. dxc5 Bxc5 17. Bf4 Nh5 18. Bh7+ Kh8 19. Ng6+ fxg6 20. Bxc7 Bxf2+
21. Qxf2 Rxf2 22. Kxf2 Rf8+ 23. Kg1 Kxh7 24. Rxe6 Rf7 25. Be5 Bc8 26. Re8 Bd7
27. Rd8 Bb5 28. R8d4 Re7 29. Bb8 Nf6 30. a4 Bc6 31. b3 Re2 32. R4d2 Re7 33. Rd6
Bd7 34. Bxa7 Bg4 35. Bxb6 Bxd1 36. Rxd1 Rb7 37. a5 Nd7 38. Rd6 Nb8 39. c4 Na6
40. c5 Nxc5 41. Bxc5 Rb5 42. b4 1-0

[Event "2022 Harris Edwardes Interclub Competition (Division A)"]
[Site "Leeming, Perth WA AUS"]
[Date "2022.08.28"]
[Round "3"]
[White "Lakner, Jay"]
[Black "Fu, Yihe (Rebo)"]
[Result "0-1"]
[EventDate "2022.08.21"]
[EventRounds "4"]
[EventType "team"]
[Section "Division A (Premier)"]
[Stage "Preliminary Rounds"]
[Board "1"]
[TimeControl "3600+10"]
[WhiteElo "2107"]
[BlackElo "2287"]
[WhiteTeam "Perth Chess Academy A"]
[BlackTeam "Southern Suburbs Chess Club A"]
[PlyCount "76"]

1. c4 Nf6 2. Nc3 e5 3. Nf3 Nc6 4. g3 d5 5. cxd5 Nxd5 6. Bg2 Be6 7. O-O Nb6 8.
d3 Be7 9. a3 a5 10. Be3 Nd5 11. Nxd5 Bxd5 12. d4 exd4 13. Nxd4 Bxg2 14. Kxg2
Nxd4 15. Bxd4 O-O 16. Bc3 Qc8 17. e4 Ra6 18. f4 Rh6 19. g4 Rh4 20. h3 Rd8 21.
Qf3 h5 22. gxh5 Qe6 23. Be1 Rd4 24. Bxh4 Bxh4 25. e5 Rd2+ 26. Kh1 Qf5 27. Rad1
Rxb2 28. Qd3 Qe6 29. Qd7 Qa2 30. Qc8+ Kh7 31. Qf5+ Kh6 32. Qg4 Rh2+ 33. Kg1 Be7
34. Rd4 Bc5 35. Qg5+ Kh7 36. Qf5+ g6 37. hxg6+ fxg6 38. Qd7+ Kh6 0-1

[Event "2022 Harris Edwardes Interclub Competition (Division A)"]
[Site "Leeming, Perth WA AUS"]
[Date "2022.08.28"]
[Round "3"]
[White "Hare, Tim"]
[Black "Rafiei Darani, Daryoush"]
[Result "1-0"]
[EventDate "2022.08.21"]
[EventRounds "4"]
[EventType "team"]
[Section "Division A (Premier)"]
[Stage "Preliminary Rounds"]
[Board "2"]
[TimeControl "3600+10"]
[WhiteElo "2227"]
[BlackElo "1771"]
[WhiteTeam "Southern Suburbs Chess Club A"]
[BlackTeam "Perth Chess Academy A"]
[PlyCount "61"]

1. Nf3 Nf6 2. g3 g6 3. Bg2 Bg7 4. O-O O-O 5. d3 d6 6. c4 e5 7. Nc3 Nc6 8. Rb1
a5 9. a3 Re8 10. Bg5 Be6 11. e4 h6 12. Bxf6 Bxf6 13. b4 axb4 14. axb4 Bg7 15.
b5 Ne7 16. Ra1 Rxa1 17. Qxa1 f5 18. Nd2 c6 19. bxc6 bxc6 20. Qa6 Qc7 21. Rb1
Rb8 22. Rxb8+ Qxb8 23. Qa3 c5 24. Nb5 Qb6 25. Nb3 f4 26. Qa5 Qxa5 27. Nxa5 fxg3
28. hxg3 Nc8 29. Nb7 Bf8 30. Bf3 Kf7 31. Nd8+ 1-0

[Event "2022 Harris Edwardes Interclub Competition (Division A)"]
[Site "Leeming, Perth WA AUS"]
[Date "2022.08.28"]
[Round "3"]
[White "Umasankar, Naveen Ramnat"]
[Black "Vlietstra, Marc"]
[Result "0-1"]
[EventDate "2022.08.21"]
[EventRounds "4"]
[EventType "team"]
[Section "Division A (Premier)"]
[Stage "Preliminary Rounds"]
[Board "3"]
[TimeControl "3600+10"]
[WhiteElo "1725"]
[BlackElo "2031"]
[WhiteTeam "Perth Chess Academy A"]
[BlackTeam "Southern Suburbs Chess Club A"]
[PlyCount "64"]

1. e4 c5 2. d4 cxd4 3. c3 dxc3 4. bxc3 d5 5. exd5 Qxd5 6. Nf3 Bg4 7. Be2 Qxd1+
8. Bxd1 Nc6 9. h3 Bh5 10. Nh4 Bxd1 11. Kxd1 Nf6 12. Re1 e6 13. Bf4 Bc5 14. Be3
Bd6 15. Nf3 Rd8 16. Nbd2 Nd5 17. Bd4 O-O 18. g3 Rfe8 19. Kc2 e5 20. Be3 Nxe3+
21. Rxe3 Bc5 22. Re2 f5 23. Nb3 Bb6 24. Rd1 Rxd1 25. Kxd1 Kf7 26. Kc2 Kf6 27.
Nfd2 Rc8 28. Nc4 Nb4+ 29. cxb4 Rxc4+ 30. Kd3 Rxb4 31. Kc3 Re4 32. Rd2 Ke6 0-1

[Event "2022 Harris Edwardes Interclub Competition (Division A)"]
[Site "Leeming, Perth WA AUS"]
[Date "2022.08.28"]
[Round "3"]
[White "Gibson, Kyle"]
[Black "Xiao Zhou, Ning"]
[Result "1-0"]
[EventDate "2022.08.21"]
[EventRounds "4"]
[EventType "team"]
[Section "Division A (Premier)"]
[Stage "Preliminary Rounds"]
[Board "4"]
[TimeControl "3600+10"]
[WhiteElo "1971"]
[BlackElo "1583"]
[WhiteTeam "Southern Suburbs Chess Club A"]
[BlackTeam "Perth Chess Academy A"]
[PlyCount "51"]

1. e4 c6 2. d4 d5 3. exd5 cxd5 4. c4 Nf6 5. Nc3 e6 6. Bd3 Be7 7. Nf3 O-O 8. O-O
Nc6 9. Re1 h6 10. a3 a6 11. c5 b6 12. cxb6 Qxb6 13. b4 Qc7 14. Na4 Bb7 15. h3
Rfc8 16. Be3 Nd7 17. Rc1 Qd8 18. Bf4 Bf6 19. Bb1 Na7 20. Qd3 Nf8 21. Rxc8 Nxc8
22. Nc5 Qb6 23. Rc1 Bc6 24. Ne5 Bb5 25. Qg3 g5 26. h4 1-0

[Event "2022 Harris Edwardes Interclub Competition (Division A)"]
[Site "Leeming, Perth WA AUS"]
[Date "2022.08.28"]
[Round "3"]
[White "Gong, Patrick"]
[Black "Rodriguez, Juan Talavera"]
[Result "1-0"]
[EventDate "2022.08.21"]
[EventRounds "4"]
[EventType "team"]
[Section "Division A (Premier)"]
[Stage "Preliminary Rounds"]
[Board "1"]
[TimeControl "3600+10"]
[WhiteElo "2508"]
[WhiteTitle "FM"]
[BlackElo "2167"]
[WhiteTeam "UWA Chess Club A"]
[BlackTeam "Perth Chess Club A"]
[PlyCount "83"]

1. e4 e5 2. Nf3 Nc6 3. d4 exd4 4. Nxd4 Bc5 5. Nb3 Bb6 6. Qe2 Qf6 7. Nc3 Nge7 8.
h4 h6 9. Be3 Bxe3 10. Qxe3 a6 11. O-O-O d6 12. Be2 Bd7 13. Nd5 Nxd5 14. exd5+
Ne7 15. g4 Qe5 16. Qxe5 dxe5 17. c4 Ng6 18. Bf3 Ba4 19. Rde1 Bxb3 20. axb3 f6
21. Kc2 O-O-O 22. Kc3 Nf4 23. Re3 g5 24. Be4 Kb8 25. Kc2 Ka7 26. b4 Kb8 27. h5
Rd6 28. Ra1 Rhd8 29. Rea3 Rb6 30. b5 Ka7 31. b4 Ne2 32. bxa6 Nd4+ 33. Kd3 Rxa6
34. Rxa6+ bxa6 35. b5 Rd6 36. c5 Rd8 37. Rxa6+ Kb8 38. d6 cxd6 39. Ra8+ Kc7 40.
b6+ Kd7 41. b7 Kc7 42. Rxd8 1-0

[Event "2022 Harris Edwardes Interclub Competition (Division A)"]
[Site "Leeming, Perth WA AUS"]
[Date "2022.08.28"]
[Round "3"]
[White "Maris, Rob"]
[Black "Ng, Jen Sheng"]
[Result "0-1"]
[EventDate "2022.08.21"]
[EventRounds "4"]
[EventType "team"]
[Section "Division A (Premier)"]
[Stage "Preliminary Rounds"]
[Board "2"]
[TimeControl "3600+10"]
[WhiteElo "2072"]
[BlackElo "2145"]
[BlackTitle "CM"]
[WhiteTeam "Perth Chess Club A"]
[BlackTeam "UWA Chess Club A"]
[PlyCount "54"]

1. c4 Nf6 2. Nf3 g6 3. g3 Bg7 4. Bg2 O-O 5. O-O c5 6. d4 cxd4 7. Nxd4 Nc6 8.
Nc3 Nxd4 9. Qxd4 d6 10. Qd3 Bf5 11. e4 Be6 12. b3 Qa5 13. Bb2 a6 14. Nd5 Bxd5
15. exd5 b5 16. Rfc1 Rfc8 17. a4 bxc4 18. Rxc4 Rxc4 19. Qxc4 Rb8 20. Bc3 Qc5
21. Qxc5 dxc5 22. Rb1 Nd7 23. Ba5 c4 24. b4 c3 25. Be4 Rc8 26. Rc1 Bd4 27. Kg2
Nf6 0-1

[Event "2022 Harris Edwardes Interclub Competition (Division A)"]
[Site "Leeming, Perth WA AUS"]
[Date "2022.08.28"]
[Round "3"]
[White "Saxon, Marc"]
[Black "Hu, Tommy"]
[Result "0-1"]
[EventDate "2022.08.21"]
[EventRounds "4"]
[EventType "team"]
[Section "Division A (Premier)"]
[Stage "Preliminary Rounds"]
[Board "4"]
[TimeControl "3600+10"]
[WhiteElo "2015"]
[BlackElo "1593"]
[WhiteTeam "Perth Chess Club A"]
[BlackTeam "UWA Chess Club A"]
[PlyCount "77"]

1. e4 c5 2. Nf3 d6 3. d4 cxd4 4. Nxd4 Nf6 5. Nc3 g6 6. Be3 Bg7 7. f3 O-O 8. Qd2
Nc6 9. Bc4 Nd7 10. O-O-O Nde5 11. Nxc6 Nxc4 12. Nxd8 Nxd2 13. Rxd2 Rxd8 14. Nd5
Rd7 15. Rd3 b6 16. Ra3 Bb7 17. Rd1 Kf8 18. Rdd3 e6 19. Nc3 Bc6 20. Ne2 d5 21.
exd5 Rxd5 22. Nf4 Rxd3 23. Nxd3 h5 24. c4 Ke8 25. Kc2 Kd7 26. b4 Kc7 27. Bf4+
Kb7 28. Ne5 Be8 29. h4 Rc8 30. Rc3 Ba4+ 31. Kd2 a5 32. b5 Rc5 33. Ra3 Bxe5 34.
Bxe5 Rxc4 35. g3 Bxb5 36. Rb3 Kc6 37. Kd3 Rc5+ 38. Ke4 Rd5 39. Bc3 0-1

[Event "2022 Harris Edwardes Interclub Competition (Division A)"]
[Site "Leeming, Perth WA AUS"]
[Date "2022.08.28"]
[Round "4"]
[White "Gong, Patrick"]
[Black "Fu, Yihe (Rebo)"]
[Result "1-0"]
[EventDate "2022.08.21"]
[EventRounds "4"]
[EventType "team"]
[Section "Division A (Premier)"]
[Stage "Final Round Playoffs: 1st vs 2nd"]
[Board "1"]
[TimeControl "3600+10"]
[WhiteElo "2508"]
[WhiteTitle "FM"]
[BlackElo "2287"]
[WhiteTeam "UWA Chess Club A"]
[BlackTeam "Southern Suburbs Chess Club A"]
[PlyCount "67"]

1. e4 c5 2. c3 Nf6 3. e5 Nd5 4. d4 cxd4 5. Nf3 Nc6 6. cxd4 d6 7. Bc4 Nb6 8. Bb5
Bd7 9. Nc3 e6 10. Bg5 Qc7 11. Qe2 dxe5 12. dxe5 Bb4 13. O-O Bxc3 14. bxc3 h6
15. Bd2 Ne7 16. Bd3 Bc6 17. Nd4 a6 18. Qh5 Bd5 19. f4 Nc6 20. f5 O-O-O 21. fxe6
fxe6 22. Rf7 Qxe5 23. Qg4 g5 24. Re1 Qd6 25. Nxe6 h5 26. Qf5 Rd7 27. Qf6 Re8
28. Bf5 Bxe6 29. Bxe6 Rxe6 30. Rxe6 Qxd2 31. Rxc6+ Kb8 32. Rxd7 Nxd7 33. Qd6+
Qxd6 34. Rxd6 1-0

[Event "2022 Harris Edwardes Interclub Competition (Division A)"]
[Site "Leeming, Perth WA AUS"]
[Date "2022.08.28"]
[Round "4"]
[White "Hare, Tim"]
[Black "Ng, Jen Sheng"]
[Result "1/2-1/2"]
[EventDate "2022.08.21"]
[EventRounds "4"]
[EventType "team"]
[Section "Division A (Premier)"]
[Stage "Final Round Playoffs: 1st vs 2nd"]
[Board "2"]
[TimeControl "3600+10"]
[WhiteElo "2227"]
[BlackElo "2145"]
[BlackTitle "CM"]
[WhiteTeam "Southern Suburbs Chess Club A"]
[BlackTeam "UWA Chess Club A"]
[PlyCount "62"]

1. Nf3 Nf6 2. g3 g6 3. Bg2 Bg7 4. O-O O-O 5. d3 c5 6. c3 Nc6 7. Nbd2 d5 8. a4
b6 9. Rb1 Re8 10. Qc2 a5 11. b3 Ba6 12. Ba3 Rc8 13. Rfd1 e5 14. Ne1 e4 15. Nf1
Qc7 16. Bc1 h6 17. Bf4 Qe7 18. dxe4 Nxe4 19. Bxe4 dxe4 20. Ng2 Qf6 21. Rbc1 g5
22. Be3 Qe5 23. h4 Qe7 24. hxg5 hxg5 25. Rd5 Bf6 26. Nh2 Ne5 27. Rcd1 Bb7 28.
Rd6 Rc6 29. R6d2 Rcc8 30. Rd6 Rc6 31. R6d2 Rcc8 1/2-1/2

[Event "2022 Harris Edwardes Interclub Competition (Division A)"]
[Site "Leeming, Perth WA AUS"]
[Date "2022.08.28"]
[Round "4"]
[White "Gibson, Kyle"]
[Black "Hu, Tommy"]
[Result "1-0"]
[EventDate "2022.08.21"]
[EventRounds "4"]
[EventType "team"]
[Section "Division A (Premier)"]
[Stage "Final Round Playoffs: 1st vs 2nd"]
[Board "4"]
[TimeControl "3600+10"]
[WhiteElo "1971"]
[BlackElo "1593"]
[WhiteTeam "Southern Suburbs Chess Club A"]
[BlackTeam "UWA Chess Club A"]
[PlyCount "71"]

1. e4 c5 2. Nf3 d6 3. Bb5+ Nd7 4. d4 cxd4 5. Qxd4 Ngf6 6. Bg5 e6 7. Nc3 Be7 8.
O-O-O a6 9. Bxd7+ Bxd7 10. e5 dxe5 11. Nxe5 Bc6 12. Qxd8+ Bxd8 13. Nxc6 bxc6
14. Bxf6 Bxf6 15. Rd6 Bxc3 16. bxc3 Rc8 17. Rhd1 Ke7 18. Rd7+ Kf6 19. Ra7 Ra8
20. Rdd7 Rhf8 21. Rxf7+ Rxf7 22. Rxa8 Ke5 23. f3 Kf4 24. Kd2 h5 25. Rxa6 e5 26.
Rxc6 Ra7 27. Rc4+ Kf5 28. a4 g5 29. Ke3 g4 30. Rb4 gxf3 31. Kxf3 Rc7 32. c4 Rc5
33. Ke3 Ra5 34. Kd3 Kf4 35. c5+ Kf5 36. Rc4 1-0

[Event "2022 Harris Edwardes Interclub Competition (Division A)"]
[Site "Leeming, Perth WA AUS"]
[Date "2022.08.28"]
[Round "4"]
[White "Lakner, Jay"]
[Black "Rodriguez, Juan Talavera"]
[Result "1-0"]
[EventDate "2022.08.21"]
[EventRounds "4"]
[EventType "team"]
[Section "Division A (Premier)"]
[Stage "Final Round Playoffs: 3rd vs 4th"]
[Board "1"]
[TimeControl "3600+10"]
[WhiteElo "2107"]
[BlackElo "2167"]
[WhiteTeam "Perth Chess Academy A"]
[BlackTeam "Perth Chess Club A"]
[PlyCount "135"]

1. c4 e5 2. Nc3 Nf6 3. Nf3 Nc6 4. g3 d5 5. cxd5 Nxd5 6. Bg2 Nb6 7. O-O Be7 8.
d3 O-O 9. a3 Be6 10. b4 a5 11. b5 Nd4 12. Nd2 Nd5 13. Bxd5 Bxd5 14. e3 Bc5 15.
exd4 Bxd4 16. Bb2 Be6 17. Na4 f5 18. Bxd4 Qxd4 19. Nf3 Qd6 20. Re1 f4 21. Nxe5
fxg3 22. hxg3 Rae8 23. d4 Rd8 24. Nc5 Bd5 25. Ne4 Qh6 26. Qc1 Qh3 27. Qg5 Rd6
28. Qg4 Qh6 29. f3 Rdd8 30. Rad1 Qb6 31. Nd7 Qxb5 32. Nxf8 Rxf8 33. Re3 Qa4 34.
Rd2 Qc6 35. Rc3 Qb6 36. Kg2 Qh6 37. Qg5 Qxg5 38. Nxg5 c6 39. Re3 b5 40. Rf2 b4
41. axb4 axb4 42. Re7 b3 43. Ne4 Rb8 44. Rb2 Rb4 45. Nc3 Bf7 46. Ne2 h6 47. Re3
Ra4 48. Kf2 Rb4 49. Rc3 Rb6 50. Ke3 g5 51. Nc1 Bd5 52. Nxb3 Kg7 53. Rb1 Rb7 54.
Nd2 Re7+ 55. Kf2 Rf7 56. Re1 g4 57. f4 Ra7 58. Nc4 Ra2+ 59. Re2 Ra1 60. Ne5 Rh1
61. Nxg4 h5 62. Ne5 h4 63. gxh4 Rxh4 64. Kg3 Rh6 65. Rh2 Rd6 66. Rh5 Be4 67.
Rg5+ Kf6 68. Rc4 1-0

[Event "2022 Harris Edwardes Interclub Competition (Division A)"]
[Site "Leeming, Perth WA AUS"]
[Date "2022.08.28"]
[Round "4"]
[White "Maris, Rob"]
[Black "Rafiei Darani, Daryoush"]
[Result "1-0"]
[EventDate "2022.08.21"]
[EventRounds "4"]
[EventType "team"]
[Section "Division A (Premier)"]
[Stage "Final Round Playoffs: 3rd vs 4th"]
[Board "2"]
[TimeControl "3600+10"]
[WhiteElo "2072"]
[BlackElo "1771"]
[WhiteTeam "Perth Chess Club A"]
[BlackTeam "Perth Chess Academy A"]
[PlyCount "51"]

1. c4 Nf6 2. Nf3 g6 3. g3 Bg7 4. Bg2 O-O 5. O-O d6 6. d4 a5 7. Nc3 Na6 8. b3
Re8 9. Bb2 c5 10. d5 Bd7 11. Qd2 a4 12. Ne1 Nb4 13. a3 Na6 14. bxa4 Nc7 15. Qc2
h5 16. h4 Ng4 17. Nd3 Ne5 18. Nxe5 Bxe5 19. Rab1 Qc8 20. Kh2 e6 21. f4 Bg7 22.
Nb5 Nxb5 23. axb5 e5 24. e4 Bf6 25. Qf2 Re7 26. fxe5 1-0

[Event "2022 Harris Edwardes Interclub Competition (Division A)"]
[Site "Leeming, Perth WA AUS"]
[Date "2022.08.28"]
[Round "4"]
[White "Umasankar, Naveen Ramnat"]
[Black "De Vas, Saminda"]
[Result "0-1"]
[EventDate "2022.08.21"]
[EventRounds "4"]
[EventType "team"]
[Section "Division A (Premier)"]
[Stage "Final Round Playoffs: 3rd vs 4th"]
[Board "3"]
[TimeControl "3600+10"]
[WhiteElo "1725"]
[BlackElo "2031"]
[WhiteTeam "Perth Chess Academy A"]
[BlackTeam "Perth Chess Club A"]
[PlyCount "40"]

1. e4 c5 2. d4 cxd4 3. c3 dxc3 4. Nxc3 g6 5. Nf3 Bg7 6. Bc4 Nc6 7. Bg5 Nf6 8.
h3 O-O 9. e5 Ne8 10. Qe2 Qa5 11. O-O Nc7 12. Bf4 Ne6 13. Bxe6 dxe6 14. Rfd1 a6
15. Rac1 Nb4 16. Qc4 b5 17. Qb3 Bb7 18. a3 Nd5 19. Bd2 Qb6 20. Na4 bxa4 0-1

[Event "2022 Harris Edwardes Interclub Competition (Division A)"]
[Site "Leeming, Perth WA AUS"]
[Date "2022.08.28"]
[Round "4"]
[White "Saxon, Marc"]
[Black "Xiao Zhou, Ning"]
[Result "1-0"]
[EventDate "2022.08.21"]
[EventRounds "4"]
[EventType "team"]
[Section "Division A (Premier)"]
[Stage "Final Round Playoffs: 3rd vs 4th"]
[Board "4"]
[TimeControl "3600+10"]
[WhiteElo "2015"]
[BlackElo "1583"]
[WhiteTeam "Perth Chess Club A"]
[BlackTeam "Perth Chess Academy A"]
[PlyCount "127"]

1. e4 c6 2. d4 d5 3. e5 Bf5 4. h4 h5 5. Ne2 e6 6. Ng3 Bg6 7. Nd2 Nd7 8. f4 Nh6
9. Nf3 c5 10. Bd3 Bxd3 11. Qxd3 cxd4 12. Nxd4 Bc5 13. Bd2 g6 14. O-O-O Bb6 15.
Rdf1 Nc5 16. Qe2 Ng4 17. Bb4 Rc8 18. Bxc5 Bxc5 19. Qd3 Qb6 20. Nge2 O-O 21. Rf3
Rc6 22. Nxc6 Nf2 23. Rxf2 Bxf2 24. Ncd4 Rc8 25. g3 Rc4 26. c3 Qa5 27. a3 b5 28.
Rf1 Bxd4 29. Nxd4 Qb6 30. Nc2 a5 31. Qe3 Qc7 32. Rd1 b4 33. axb4 axb4 34. Rd4
bxc3 35. Rxc4 cxb2+ 36. Kxb2 Qxc4 37. Qc3 Qb5+ 38. Qb4 Qd3 39. Qb3 Qa6 40. Nd4
Qa5 41. Nf3 Qa7 42. Ng5 Qf2+ 43. Ka3 Qa7+ 44. Qa4 Qc5+ 45. Kb3 Qb6+ 46. Kc3
Qe3+ 47. Kb4 Qb6+ 48. Qb5 Qd4+ 49. Ka3 Qe3+ 50. Qb3 Qa7+ 51. Kb2 Qf2+ 52. Ka3
Qa7+ 53. Qa4 Qe3+ 54. Kb4 Qb6+ 55. Qb5 Qd4+ 56. Ka5 Qa7+ 57. Qa6 Qc5+ 58. Ka4
Qd4+ 59. Kb5 Qd3+ 60. Kb6 Qxg3 61. Qc8+ Kg7 62. Qd7 Qb3+ 63. Kc7 Qc4+ 64. Kd8
1-0